000 00413 a2200157 4500
020 _a9780767908184 (pbk.)
040 _aDLC
_bDLC
082 0 0 _a500
100 1 _aBryson, Bill.
245 1 2 _aA short history of nearly everything
_cBill Bryson.
250 _a1st trade pbk. ed.
260 _aNew York :
_bBroadway Books,
_c2004.
300 _aix, 544 p. ;
_c24 cm.
650 0 _aScience
942 _cBK
_k500 BRY
_2ddc
999 _c10667
_d10667